[Event "45th Olympiad 2024"]
[Site "Budapest HUN"]
[Date "2024.09.16"]
[Round "6.5"]
[Board "4"]
[White "Vokhidov, Shamsiddin"]
[Black "Smirin, Ilia"]
[Result "1/2-1/2"]
[WhiteElo "2650"]
[BlackElo "2575"]
[PlyCount "123"]
[EventDate "2024.09.11"]
[WhiteTeam "Uzbekistan"]
[BlackTeam "Israel"]
[WhiteTeamCountry "UZB"]
[BlackTeamCountry "ISR"]

1. e4 c5 2. Nf3 Nc6 3. Bb5 e6 4. Bxc6 bxc6 5. d3 Qc7 6. O-O Ne7 7. h4 ({RR} 7. Ng5 f6 8. Nh3 g6 9. c4 Bg7 10. Nc3 O-O 11. Be3 d6 12. f4 Bd7 13. Qd2 Rad8 14. Kh1 Bc8 15. Ng1 h6 16. f5 g5 17. g4 d5 18. Bxc5 dxe4 19. Nxe4 exf5 20. gxf5 Bxf5 21. Rae1 Bg6 {1-0 Vokhidov,S (2596)-Iturrizaga Bonelli,E (2600) World Rapid 2023 (10.37)}) 7... h5 ({RR} 7... e5 8. h5 d6 9. Nh2 Ng8 10. f4 Nf6 11. fxe5 dxe5 12. h6 Be6 13. hxg7 Bxg7 14. Bg5 Nd7 15. Nd2 h5 16. Qe1 f6 17. Bh4 O-O-O 18. Kh1 Bh6 19. Nc4 Bf4 20. b4 Bxc4 21. dxc4 Rhg8 22. Nf3 {1-0 Caruana,F (2835)-Carlsen,M (2863) Clutch-ch June rapid 2020 (3.4)}) 8. e5 Ng6 9. Re1 f6 $146 ({RR} 9... d6 10. Nbd2 dxe5 11. b3 Be7 12. Ba3 f6 13. g3 Kf7 14. Ne4 Qa5 15. Qc1 Ba6 16. c4 Rad8 17. Re3 Bc8 18. Nc3 e4 19. dxe4 e5 20. Na4 Nf8 21. Qe1 Qxe1+ 22. Nxe1 Ne6 23. Nd3 g5 24. hxg5 {½-½ Abdisalimov,A (2526)-Narayanan,S (2648) TCh-TUR Super League 2024 (14.2)}) ({RR} 9... Be7 10. g3 d6 11. Qe2 f6 12. exd6 Bxd6 13. Qe4 Ne7 14. Na3 e5 15. Nc4 Bf5 16. Nxd6+ Qxd6 17. Qa4 Kf7 18. Be3 Rhb8 19. Qc4+ Be6 20. Bxc5 Qd5 21. Qxd5 Bxd5 22. Nd4 Rxb2 23. c4 Be6 24. Nxe6 {0-1 Laux,D (2260)-Sethuraman,S (2610) Menorca op 1st 2022 (2)}) 10. Nbd2 fxe5 11. Qe2 d6 12. Nc4 Ne7 13. Bg5 Nf5 14. c3 Be7 15. Bxe7 Qxe7 16. g3 O-O 17. Ng5 g6 18. Rad1 Ba6 19. Ne3 Rae8 20. Qc2 Kg7 21. d4 cxd4 22. Nxf5+ exf5 23. cxd4 e4 24. Qxc6 Bb7 25. Qc3 Bd5 26. Rc1 Qb7 27. Qa5 Rc8 28. b3 Bg8 29. Qd2 Bd5 30. Nh3 Rxc1 31. Rxc1 Rc8 32. Rxc8 Qxc8 33. Qg5 e3 34. Qe7+ Kg8 35. Qxe3 Qc2 36. Qe1 Qxa2 37. b4 Qb2 38. Nf4 Be4 39. f3 Qxd4+ 40. Kg2 Qb2+ 41. Qf2 Qxf2+ 42. Kxf2 Bc6 43. Nxg6 Kg7 44. Nf4 Be8 45. Ke3 Kf6 46. Kd4 Bf7 47. Ne2 Ke6 48. Nc3 Kd7 49. Ke3 Kc6 50. Kf4 d5 51. Kxf5 d4 52. Ne2 Kd5 53. Kf6 Be8 54. g4 d3 55. Nf4+ Kd4 56. Nxd3 Kxd3 57. g5 Bc6 58. f4 Ke4 59. f5 Bd7 60. Kg6 Be8+ 61. Kf6 Bd7 62. Kg6 1/2-1/2

[Event "45th Olympiad 2024"]
[Site "Budapest HUN"]
[Date "2024.09.16"]
[Round "6.7"]
[Board "4"]
[White "Jones, Gawain C B"]
[Black "Brunello, Sabino"]
[Result "1-0"]
[WhiteElo "2646"]
[BlackElo "2511"]
[PlyCount "115"]
[EventDate "2024.09.11"]
[WhiteTeam "England"]
[BlackTeam "Italy"]
[WhiteTeamCountry "ENG"]
[BlackTeamCountry "ITA"]

1. Nf3 Nf6 2. c4 e6 3. g3 d5 4. Bg2 Be7 5. O-O O-O 6. d4 c6 7. Nc3 a5 8. Bf4 dxc4 9. Ne5 Nd5 10. Nxc4 Nxf4 11. gxf4 Nd7 12. e3 Nf6 13. Rc1 Bd7 ({RR} 13... Nd5 14. Kh1 Kh8 15. Ne4 a4 16. a3 Bd7 17. Qh5 Be8 18. Qh3 Rc8 19. Rg1 f5 20. Nc5 Rf6 21. Nxb7 Qc7 22. Nc5 Rh6 23. Nxe6 Rxe6 24. Qxf5 Rf6 25. Qd3 Qd8 26. Ne5 Rh6 27. Qf5 Rf6 28. Qd3 {0-1 Maurizzi,M (2620)-Samunenkov,I (2535) 57th Biel GM2 Blitz 2024 (7.1)}) 14. Kh1 $146 ({RR} 14. Ne5 Be8 15. a3 g6 16. Qb3 Rb8 17. Rfd1 Nd5 18. Ne4 Kh8 19. Nc5 Rg8 20. Kh1 g5 21. f5 exf5 22. Ncd7 Rc8 23. Bxd5 cxd5 24. Qxb7 Ra8 25. Nc6 Qxd7 26. Qxa8 Qe6 27. Ne5 f4 28. Qc8 Qf6 {0-1 Muradli,M (2550)-Fressinet,L (2637) World Rapid 2023 (2.47)}) 14... Be8 15. Rg1 Kh8 16. Qf3 Rg8 17. Qh3 Rc8 18. f5 exf5 19. Qxf5 Ra8 20. Rgd1 g6 21. Qe5 Rg7 22. d5 Nd7 23. Qf4 Bg5 24. Qf3 c5 25. Ne4 Bh4 26. Ned6 Rb8 27. Qh3 Bf6 28. Nxa5 Qxa5 29. Nxe8 Rxe8 30. Qxd7 Rd8 31. Qxb7 Qxa2 32. Rd2 Qa5 33. Rdc2 Qb4 34. Qc7 Qb8 35. Qxc5 Be5 36. f4 Bd6 37. Qd4 f5 38. Qf6 Rf8 39. Qd4 Kg8 40. Bf1 Re7 41. Rc6 Re4 42. Qb6 Qxb6 43. Rxb6 Rd8 44. Rcc6 Bf8 45. Rb3 Kf7 46. Bc4 Bd6 47. Kg2 Re7 48. Rbb6 Red7 49. b4 Ke7 50. b5 h6 51. Bd3 Rf8 52. Ra6 g5 53. fxg5 hxg5 54. b6 g4 55. Ra7 f4 56. exf4 Bxf4 57. Re6+ Kd8 58. Ra8+ 1-0

[Event "45th Olympiad 2024"]
[Site "Budapest HUN"]
[Date "2024.09.16"]
[Round "6.8"]
[Board "3"]
[White "Piorun, Kacper"]
[Black "Horvath, Dominik"]
[Result "1/2-1/2"]
[WhiteElo "2599"]
[BlackElo "2559"]
[PlyCount "124"]
[EventDate "2024.09.11"]
[WhiteTeam "Poland"]
[BlackTeam "Austria"]
[WhiteTeamCountry "POL"]
[BlackTeamCountry "AUT"]

1. d4 Nf6 2. c4 g6 3. Nc3 d5 4. cxd5 Nxd5 5. e4 Nxc3 6. bxc3 Bg7 7. Qa4+ Nd7 8. Nf3 O-O 9. Be2 c5 10. Qa3 cxd4 11. cxd4 Nf6 12. Qe3 b5 ({RR} 12... Bd7 13. O-O Bc6 14. Bd3 Ng4 15. Qe2 Bxd4 16. Nxd4 Qxd4 17. Bb2 Qd6 18. e5 Qd5 19. f3 Rad8 20. Rad1 Bb5 21. Bxb5 Qc5+ 22. Kh1 Rxd1 23. fxg4 Rxf1+ 24. Qxf1 Qb4 25. Ba1 Rc8 26. e6 f6 27. Bd7 {0-1 Aronian,L (2782)-Vachier Lagrave,M (2763) Meltwater Tour Final rapid 2021 (1.5)}) 13. h3 $146 ({RR} 13. O-O Bb7 14. Bd3 Ng4 15. Qe2 Bxd4 16. Rb1 a6 17. a4 Ne5 18. Nxe5 Bxe5 19. axb5 axb5 20. Bh6 Bg7 21. Bxg7 Kxg7 22. Rxb5 {½-½ Shevchenko,K (2671)-Vachier Lagrave,M (2727) Bundesliga 2023-24 (12.3)}) ({RR} 13. O-O Bb7 14. Bd3 Ng4 15. Qe2 Bxd4 16. Nxd4 Qxd4 17. Bb2 Qd6 18. e5 Qd5 19. f3 Rad8 20. Bxb5 a6 21. Ba4 Qa5 22. Rad1 Qxa4 23. fxg4 Qxa2 24. e6 Qxe6 25. Qxe6 fxe6 26. Rxf8+ Rxf8 27. Rd7 Bd5 {0-1 Hakobyan,A (2617)-Puranik,A (2634) CrunchLabs Masters PlayIn 2024 (6)}) 13... Qb6 14. O-O a5 15. Bd2 b4 16. Rfb1 Ba6 17. a3 Bxe2 18. Qxe2 Qb7 19. e5 Nd5 20. Qe4 Rfb8 21. h4 h5 22. Ng5 f5 23. Qf3 Bh6 24. Qg3 Bxg5 25. Qxg5 Ra6 26. axb4 axb4 27. Rxa6 Qxa6 28. Rb3 Rb6 29. Kh2 Qc4 30. Rg3 Kf7 31. Qh6 Qxd4 32. Qh7+ Ke6 33. Rxg6+ Kxe5 34. f4+ Ke4 35. Rxb6 Qxb6 36. Qxh5 Qf2 37. Qd1 b3 38. Qc1 Kd3 39. Qc6 Kxd2 40. Qxd5+ Kc3 41. Qa5+ Kc2 42. Qxf5+ Kc1 43. Qc8+ Qc2 44. Qe6 b2 45. Qe1+ Qd1 46. Qc3+ Kb1 47. Qc4 Qc2 48. Qe6 Qa4 49. Qe5 Qc4 50. h5 Ka2 51. Qa5+ Kb3 52. Qb6+ Kc3 53. h6 Qxf4+ 54. g3 Qf5 55. Qe3+ Kc2 56. Qe2+ Kb3 57. Qe3+ Ka2 58. Qa7+ Kb1 59. Qxe7 Qh5+ 60. Qh4 Qe2+ 61. Kh3 Qe6+ 62. Kh2 Qe2+ 1/2-1/2

[Event "45th Olympiad 2024"]
[Site "Budapest HUN"]
[Date "2024.09.16"]
[Round "6.8"]
[Board "4"]
[White "Blohberger, Felix"]
[Black "Gumularz, Szymon"]
[Result "1/2-1/2"]
[WhiteElo "2520"]
[BlackElo "2571"]
[PlyCount "129"]
[EventDate "2024.09.11"]
[WhiteTeam "Austria"]
[BlackTeam "Poland"]
[WhiteTeamCountry "AUT"]
[BlackTeamCountry "POL"]

1. d4 Nf6 2. c4 e6 3. Nf3 b6 4. g3 Bb7 5. Bg2 Bb4+ 6. Bd2 a5 7. O-O O-O 8. Bg5 Be7 9. Qc2 Be4 10. Qd2 Bb7 11. Nc3 Ne4 12. Nxe4 Bxe4 13. Bxe7 Qxe7 14. Qf4 d5 15. cxd5 exd5 16. Rac1 Ra7 $146 ({RR} 16... c5 17. dxc5 bxc5 18. Qe3 Qb7 19. Qxc5 Qxb2 20. Nd4 Bxg2 21. Kxg2 Qxa2 22. Nf5 Na6 23. Qd4 f6 24. Qg4 g6 25. Rc6 Qd2 26. Rb1 Nb4 27. Rc7 Qg5 28. Qh3 Qh5 29. Qxh5 gxh5 30. Rbc1 Kh8 31. Kh3 {½-½ Shen,Y (2440)-Zaiatz,E (2387) RUS-chT (Women) 2007 (10)}) ({RR} 16... c5 17. dxc5 bxc5 18. Qe3 Qb7 19. Qa3 Na6 20. Ne1 Qb5 21. Nd3 Bxg2 22. Kxg2 c4 23. Nf4 d4 24. Qf3 Rad8 25. b3 c3 26. e3 Nb4 27. a4 Qb6 28. exd4 Na2 29. Ra1 Qxb3 30. Ne2 Qc4 31. Nxc3 {1-0 Stefansson,V (2462)-Horvath,A (2447) SixDays Budapest May GM B 2024 (9.3)}) ({RR} 16... Na6 17. Rc6 Qb4 18. Qc1 Qb5 19. Re1 Rfe8 20. a3 Re7 21. Rc3 c5 22. e3 c4 23. b3 cxb3 24. Bf1 Qa4 25. Nd2 Bc2 26. Nxb3 Bxb3 27. Bxa6 Rxa6 28. Rxb3 h5 29. Qc3 Re6 30. Rc1 h4 31. Qd3 {½-½ Dautov,R (2595)-Xu,J (2505) Bad Homburg 1997 (2)}) 17. Rfd1 Rd8 18. e3 Rd6 19. Ne5 Bxg2 20. Kxg2 f6 21. Nd3 Nc6 22. Qf3 Qd7 23. h4 Ne7 24. Rc3 c6 25. Rdc1 Ra8 26. h5 Re8 27. Rb3 Nc8 28. Nf4 Re4 29. Ne2 Re8 30. Rbc3 Ne7 31. Nf4 Kh8 32. Qd1 Nf5 33. Qc2 Rc8 34. Qb3 Rb8 35. Qc2 Rc8 36. a3 Ne7 37. b4 axb4 38. axb4 b5 39. Ra3 Qe8 40. Rca1 Rd7 41. Ra6 Kg8 42. Qc5 Kf7 43. Ra7 Rxa7 44. Qxa7 Qd8 45. Ra6 Qc7 46. Qc5 Qd7 47. Qb6 Qc7 48. Qxc7 Rxc7 49. Ra8 g5 50. hxg6+ hxg6 51. g4 Nc8 52. Nd3 Nb6 53. Ra6 Nc4 54. Kg3 g5 55. Nc5 Nd6 56. Ra8 Kg6 57. Kg2 Kf7 58. Na6 Rb7 59. Nc5 Rc7 60. Kf3 Kg6 61. Ke2 Kf7 62. Kd3 f5 63. gxf5 Nxf5 64. Ke2 g4 65. Nd3 1/2-1/2

[Event "45th Olympiad 2024"]
[Site "Budapest HUN"]
[Date "2024.09.16"]
[Round "6.9"]
[Board "3"]
[White "Mamedyarov, Shakhriyar"]
[Black "Kazakouski, Valery"]
[Result "1-0"]
[WhiteElo "2733"]
[BlackElo "2577"]
[PlyCount "85"]
[EventDate "2024.09.11"]
[WhiteTeam "Azerbaijan"]
[BlackTeam "Lithuania"]
[WhiteTeamCountry "AZE"]
[BlackTeamCountry "LTU"]

1. Nf3 Nf6 2. g3 c5 3. Bg2 Nc6 4. O-O e5 5. e4 d6 6. Re1 Be7 7. c3 O-O 8. h3 Be6 9. Na3 ({RR} 9. d4 cxd4 10. cxd4 exd4 11. Nxd4 Nxd4 12. Qxd4 {½-½ Roulet-Dubonnet,E (2173)-Lie,K (2506) ch-NOR 2024 Storefjell NOR (9.8)}) 9... h6 10. d3 Qd7 $146 ({RR} 10... Re8 11. Nc2 Bf8 12. b4 cxb4 13. cxb4 a5 14. bxa5 Rxa5 15. d4 exd4 16. Nfxd4 Bd7 17. Bb2 Ra4 18. a3 Nxd4 19. Bxd4 d5 20. exd5 Rxe1+ 21. Qxe1 Bf5 22. Nb4 Qa5 23. Qe5 Rxa3 24. Rxa3 Qxa3 25. Qxf5 {½-½ Amin,B (2667)-Saric,I (2668) Bundesliga 2022-23 (1.5)}) 11. Kh2 Rfe8 12. Nc2 b5 13. Ne3 Bf8 14. a4 bxa4 15. Qxa4 Qb7 16. Nd2 Nd7 17. Nd5 Nb6 18. Qa6 Rab8 19. Nf1 Ne7 20. Nfe3 Qxa6 21. Rxa6 Rb7 22. Bd2 Nexd5 23. exd5 Bd7 24. Ra2 Be7 25. Rea1 Ra8 26. h4 h5 27. c4 Be8 28. Bc3 Bd8 29. Bxe5 dxe5 30. d6 Rab8 31. Bxb7 Rxb7 32. Rxa7 Rb8 33. b4 cxb4 34. c5 b3 35. cxb6 b2 36. Rb1 Bxb6 37. Re7 Bxe3 38. fxe3 Ba4 39. Rxe5 f6 40. Rc5 Rb3 41. Rc4 Bb5 42. Rc2 Rxd3 43. Rbxb2 1-0

[Event "45th Olympiad 2024"]
[Site "Budapest HUN"]
[Date "2024.09.16"]
[Round "6.9"]
[Board "4"]
[White "Laurusas, Tomas"]
[Black "Muradli, Mahammad"]
[Result "1-0"]
[WhiteElo "2569"]
[BlackElo "2576"]
[PlyCount "69"]
[EventDate "2024.09.11"]
[WhiteTeam "Lithuania"]
[BlackTeam "Azerbaijan"]
[WhiteTeamCountry "LTU"]
[BlackTeamCountry "AZE"]

1. d4 Nf6 2. c4 e6 3. Nf3 d5 4. Nc3 dxc4 5. e3 a6 6. a4 b6 7. Bxc4 Bb7 8. O-O Bb4 9. Qc2 ({RR} 9. Qe2 O-O 10. Rd1 Qe7 11. Bd3 c5 12. Na2 Nc6 13. Nxb4 Nxb4 14. b3 Nxd3 15. Rxd3 Be4 16. Rd1 Rfc8 17. Ba3 Qb7 18. dxc5 bxc5 19. Rdc1 Qxb3 20. Bxc5 Nd7 21. Bd4 Rxc1+ 22. Rxc1 Qxa4 23. Ne5 Nxe5 {0-1 Carlsen,M (2847)-So,W (2770) Goldmoney Asian Rapid KO 2021 (1.24)}) ({RR} 9. Qe2 O-O 10. Na2 Bd6 11. b4 Nbd7 12. Bb2 Qe7 13. Ne5 c5 14. b5 axb5 15. Bxb5 Rfc8 16. Nc1 Rc7 17. Ncd3 Rac8 18. Rfc1 cxd4 19. Rxc7 Rxc7 20. exd4 Qd8 21. Re1 Bxe5 22. dxe5 Nd5 23. Qg4 Rc2 {½-½ Laurusas,T (2518)-Pultinevicius,P (2492) Warsaw op-A 2021 (4)}) 9... O-O 10. Rd1 $146 ({RR} 10. b3 c5 11. Na2 Nc6 12. Rd1 Qc7 13. Qe2 Na5 14. Bb2 Nxc4 15. Qxc4 Bd5 16. Qc2 Qb7 17. Nxb4 cxb4 18. Ne1 Rac8 19. Qd3 Ne4 20. Rdc1 f5 21. a5 bxa5 22. Rxa5 Rxc1 23. Bxc1 Rc8 24. Bb2 Rc6 {0-1 Vitenberg,N (2175)-Holm,K (2474) Oslo op 2018 (7)}) ({RR} 10. Bd3 c5 11. Rd1 Qe7 12. Na2 Bxf3 13. gxf3 cxd4 14. Nxb4 Qxb4 15. b3 Qc3 16. Qxc3 dxc3 17. Ba3 Rc8 18. Rac1 Nbd7 19. Bf1 h6 20. Rd6 b5 21. a5 Rab8 22. b4 Ne5 23. Rxa6 Nxf3+ 24. Kg2 Nd2 {½-½ Stearman,J (2406)-Le,H (2075) Charlotte op 2021 (1)}) ({RR} 10. Be2 Nbd7 11. b3 Rc8 12. Bb2 c5 13. Rfd1 cxd4 14. Rxd4 Bc5 15. Rdd1 Qc7 16. Rac1 Ne5 17. Ng5 Qb8 18. Qb1 Be7 19. Nce4 Nxe4 20. Nxe4 Ng6 21. Nd2 Rxc1 22. Rxc1 Nh4 23. Nf3 Nxf3+ 24. Bxf3 Bxf3 {½-½ Haug,J (2328)-Schroeder,J (2539) Helsingor Xtracon op 2017 (8)}) 10... Qe7 11. b3 Rd8 12. Bb2 h6 13. h3 Nc6 14. d5 Na5 15. e4 exd5 16. exd5 Nxc4 17. bxc4 c6 18. Re1 Qc7 19. Ne4 Nxe4 20. Rxe4 cxd5 21. Rg4 Bf8 22. Be5 Qd7 23. Nd4 g6 24. Rb1 Qe8 25. f4 Bc5 26. Kh2 dxc4 27. Nf5 h5 28. Ng7 Qd7 29. Nxh5 Qd3 30. Qc1 Kf8 31. Nf6 Rac8 32. Qe1 Rc6 33. Rh4 Re6 34. Rd1 Rxe5 35. Qxe5 1-0

[Event "45th Olympiad 2024"]
[Site "Budapest HUN"]
[Date "2024.09.16"]
[Round "6.10"]
[Board "1"]
[White "Mchedlishvili, Mikheil"]
[Black "Shirov, Alexei"]
[Result "1-0"]
[WhiteElo "2574"]
[BlackElo "2666"]
[PlyCount "49"]
[EventDate "2024.09.11"]
[WhiteTeam "Georgia"]
[BlackTeam "Spain"]
[WhiteTeamCountry "GEO"]
[BlackTeamCountry "ESP"]

1. Nf3 d5 2. c4 e6 3. g3 Nf6 4. Bg2 Be7 5. O-O O-O 6. b3 d4 7. e3 c5 8. Ne5 Ne8 ({RR} 8... Qc7 9. f4 Nfd7 10. Nf3 Nc6 11. Na3 a6 12. exd4 cxd4 13. d3 b5 14. Bb2 Qb6 15. Kh1 Bb7 16. Nc2 Bf6 17. Ba3 b4 18. Bb2 a5 19. g4 g6 20. Nd2 Nc5 21. Ne4 Nxe4 22. dxe4 e5 23. f5 {½-½ Ding,L (2809)-Giri,A (2797) Shenzhen Du Te Cup 3rd 2019 (3)}) ({RR} 8... Qc7 9. f4 Nbd7 10. Nd3 Bd6 11. Na3 a6 12. Bb2 e5 13. Nc2 Re8 14. fxe5 Nxe5 15. Nxe5 Bxe5 16. exd4 Bg4 17. Bf3 Bxf3 18. Qxf3 cxd4 19. Ne1 d3 20. Bxe5 Qxe5 21. Nxd3 Qd4+ 22. Nf2 b5 23. d3 {½-½ Wang,T (2367)-Eidelman,G (2343) AGCA Inv GM 2024 (5.4)}) 9. f4 Nd7 $146 ({RR} 9... f6 10. Nd3 Nc7 11. Ba3 Nba6 12. Bb2 Rb8 13. Na3 b5 14. Nxb5 Nxb5 15. cxb5 Rxb5 16. Qc2 dxe3 17. dxe3 Nb4 18. Nxb4 cxb4 19. Bd4 Bb7 20. Qc4 Qd7 21. Bxb7 Rxb7 22. Rac1 Rd8 23. Qa6 Kf7 24. Rc4 {1-0 Prithu,G (2478)-Le Goff,R (2186) Reykjavik op 2019 (7)}) 10. Bb2 Nxe5 11. fxe5 f5 12. exd4 cxd4 13. d3 Rf7 14. Na3 Bf8 15. Nc2 Rd7 16. b4 a5 17. a3 g5 18. Qd2 Bg7 19. Qf2 Bxe5 20. Qe2 Bf6 21. Qxe6+ Rf7 22. Qd5 Bd7 23. Qxb7 Rb8 24. Qd5 Ba4 25. Rac1 1-0

[Event "45th Olympiad 2024"]
[Site "Budapest HUN"]
[Date "2024.09.16"]
[Round "6.10"]
[Board "3"]
[White "Jobava, Baadur"]
[Black "Pichot, Alan"]
[Result "1/2-1/2"]
[WhiteElo "2582"]
[BlackElo "2628"]
[PlyCount "113"]
[EventDate "2024.09.11"]
[WhiteTeam "Georgia"]
[BlackTeam "Spain"]
[WhiteTeamCountry "GEO"]
[BlackTeamCountry "ESP"]

1. d4 Nf6 2. c4 e6 3. Nc3 Bb4 4. Qc2 d6 5. e3 O-O 6. Bd3 c5 7. Nge2 Nc6 8. O-O d5 $146 ({RR} 8... Qe7 9. a3 Bxc3 10. Qxc3 b6 11. b4 Bb7 12. Bb2 Rac8 13. Rfd1 Nb8 14. dxc5 bxc5 15. b5 Nbd7 16. a4 a6 17. Ng3 Rfd8 18. Be2 Ne5 19. Rd2 Ng6 20. Rad1 Nh4 21. f3 e5 22. e4 Nh5 23. Nxh5 {1-0 Bok,B (2624)-Oparin,G (2681) Chess.com Rapid Wk2 Swiss 2022 (9)}) ({RR} 8... cxd4 9. exd4 Bxc3 10. Qxc3 d5 11. c5 Ne4 12. Qe1 b6 13. f3 Nf6 14. b4 bxc5 15. dxc5 Ne5 16. Bc2 Ba6 17. a4 Nd3 18. Bxd3 Bxd3 19. Qd2 Bc4 20. Ba3 Qc7 21. Rfb1 Nd7 22. Nd4 Rfb8 23. c6 {1-0 Bok,B (2624)-So,W (2778) Chess.com Rapid Wk4 Swiss 2022 (4)}) ({RR} 8... Bxc3 9. Qxc3 b6 10. a3 a5 11. b3 Ba6 12. Bb2 cxd4 13. Nxd4 Ne5 14. Bc2 Rc8 15. a4 Nd5 16. Qd2 Nb4 17. Rfc1 Qh4 18. f4 Ng4 19. Nf3 Qe7 20. e4 Bb7 21. Re1 e5 22. Rac1 Qc7 23. h3 {0-1 Ortega,M (2453)-Romanov,E (2567) 45th Olympiad 2024 (3.41)}) ({RR} 8... e5 9. d5 Ne7 10. f4 Ng6 11. f5 Ne7 12. Ne4 Nxe4 13. Bxe4 f6 14. g4 g6 15. Ng3 Kh8 16. h3 gxf5 17. Nxf5 Bxf5 18. Bxf5 Nxf5 19. Rxf5 Qe7 20. e4 Rg8 21. Be3 Rg6 22. Raf1 Ba5 23. Kh2 {1-0 Holt,C (2549)-Aditya,M (2438) Titled Tuesday intern op 25th Aug blitz 2020 (10)}) 9. cxd5 exd5 10. dxc5 Bxc5 11. Nb5 Bb6 12. Bd2 Bg4 13. Bc3 Rc8 14. Bf5 Nb4 15. Qa4 Bxf5 16. Bxb4 Bd3 17. Rfe1 Qd7 18. Nbc3 Rfd8 19. Qxd7 Rxd7 20. Na4 Bxe2 21. Nxb6 axb6 22. Rxe2 d4 23. exd4 Nd5 24. Bd2 f6 25. Kf1 Rc4 26. Be3 Kf7 27. Rd1 b5 28. a3 b4 29. Rd3 b5 30. axb4 Nxb4 31. Rb3 Rd5 32. Rc3 Rd7 33. Ke1 Rxc3 34. bxc3 Nd5 35. Rc2 Rc7 36. Kd2 b4 37. cxb4 Rxc2+ 38. Kxc2 Nxb4+ 39. Kc3 Nd5+ 40. Kc4 Ke6 41. Kc5 h5 42. h4 Ne7 43. Bd2 Nd5 44. g3 g6 45. Bc1 Ne7 46. Be3 Nd5 47. Kc6 Ne7+ 48. Kc7 Kd5 49. Kd7 Nf5 50. Ke8 g5 51. hxg5 fxg5 52. Bxg5 Nxd4 53. Kf7 Ke4 54. Kg6 Kf3 55. Be3 Ne2 56. Kxh5 Nxg3+ 57. fxg3 1/2-1/2

[Event "45th Olympiad 2024"]
[Site "Budapest HUN"]
[Date "2024.09.16"]
[Round "6.10"]
[Board "4"]
[White "Santos Latasa, Jaime"]
[Black "Pantsulaia, Levan"]
[Result "1/2-1/2"]
[WhiteElo "2624"]
[BlackElo "2516"]
[PlyCount "93"]
[EventDate "2024.09.11"]
[WhiteTeam "Spain"]
[BlackTeam "Georgia"]
[WhiteTeamCountry "ESP"]
[BlackTeamCountry "GEO"]

1. d4 Nf6 2. c4 c5 3. d5 g6 4. Nc3 Bg7 5. e4 d6 6. h3 O-O 7. Nf3 e6 8. Be2 exd5 9. exd5 Bf5 10. g4 Be4 11. O-O Bxf3 12. Bxf3 Nbd7 13. a4 $146 ({RR} 13. Bf4 Ne8 14. Qd2 f5 15. gxf5 Rxf5 16. Bg4 Rf8 17. Rae1 Ne5 18. Bxe5 Bxe5 19. Ne4 Ng7 20. Kg2 Rf4 21. Nxc5 Qh4 22. Rxe5 Rxg4+ 23. hxg4 Qxg4+ 24. Kh2 dxe5 25. d6 b6 26. Qd5+ Kf8 27. Qxa8+ Ne8 {1-0 Amburgy,R (2242)-Sindarov,J (2668) Titled Tue 18th Jun Late 2024 (6)}) ({RR} 13. Bf4 Ne8 14. Qd2 Ne5 15. Be2 f5 16. Bg3 g5 17. gxf5 Rxf5 18. Kg2 Ng6 19. Bg4 Nf4+ 20. Kh1 Rf8 21. Rae1 Be5 22. Ne4 b6 23. h4 gxh4 24. Bh2 Ng7 25. Rg1 Kh8 26. Re3 Qe7 27. Rge1 {½-½ Karthik,R (2388)-Ojas,K (2254) 30th Abu Dhabi Masters 2024 (6.99)}) 13... Nb6 14. Be2 Re8 15. Qc2 Qe7 16. Bd3 Nbd7 17. f4 Nxg4 18. hxg4 Qh4 19. Qh2 Qxg4+ 20. Qg2 Qh4 21. Qf3 f5 22. Bd2 Nf6 23. Kg2 Ng4 24. Rh1 Qd8 25. Rae1 Qb6 26. Nb5 Rxe1 27. Rxe1 a6 28. a5 Qd8 29. Na3 Bxb2 30. Nc2 Bg7 31. Ne3 Nf6 32. Nxf5 gxf5 33. Bxf5 b5 34. axb6 Qxb6 35. Bc3 Kh8 36. Re7 Rg8 37. Kh3 Qb3 38. Qd3 Rb8 39. Rf7 Nh5 40. Rf8+ Rxf8 41. Bxg7+ Kxg7 42. Qxb3 Rxf5 43. Qb2+ Kh6 44. Qb8 Nxf4+ 45. Kg4 Rf6 46. Qd8 Nh5 47. Qc7 1/2-1/2

[Event "45th Olympiad 2024"]
[Site "Budapest HUN"]
[Date "2024.09.16"]
[Round "6.12"]
[Board "1"]
[White "Volokitin, Andrei"]
[Black "Kadric, Denis"]
[Result "1/2-1/2"]
[WhiteElo "2660"]
[BlackElo "2553"]
[PlyCount "121"]
[EventDate "2024.09.11"]
[WhiteTeam "Ukraine"]
[BlackTeam "Montenegro"]
[WhiteTeamCountry "UKR"]
[BlackTeamCountry "MNE"]

1. e4 e5 2. Nf3 Nf6 3. Nxe5 d6 4. Nf3 Nxe4 5. d4 d5 6. Bd3 Nc6 7. O-O Be7 8. Nbd2 Bf5 9. Re1 Nxd2 10. Qxd2 Bxd3 11. Qxd3 O-O 12. c3 Qd7 13. Bf4 a6 14. Re2 Rae8 ({RR} 14... b5 15. a4 Rab8 16. axb5 axb5 17. h4 h6 18. h5 Rfc8 19. Ra6 Bf8 20. Bg3 b4 21. c4 b3 22. Qc3 Ne7 23. Ra5 Re8 24. Ra7 Rec8 25. c5 Qb5 26. Re1 Rb7 27. Rxb7 Qxb7 28. Ne5 f6 29. Ng6 {1-0 Kacharava,N (2511)-Valdes,L (2347) 45th Olympiad 2024 (2.32)}) 15. Rae1 Bd8 16. h4 f6 $146 ({RR} 16... Rxe2 17. Qxe2 Qf5 18. Bg3 f6 19. Nd2 Rf7 20. Nf1 Qd7 21. Ne3 Ne7 22. Qf3 c6 23. h5 Bc7 24. h6 Bxg3 25. Qxg3 f5 26. hxg7 Ng6 27. Nc2 f4 28. Qg5 Kxg7 29. Nb4 h6 30. Qh5 Re7 31. Rxe7+ {½-½ Ragger,M (2668)-Laurusas,T (2553) EU-chT 23rd Terme Catez 2021 (5.1)}) ({RR} 16... Rxe2 17. Rxe2 h6 18. Qe3 Qf5 19. Bg3 f6 20. Ne1 b6 21. b4 g5 22. a4 Kg7 23. Kf1 Na7 24. Qd2 Nc8 25. Qd3 Qxd3 26. Nxd3 Kf7 27. Ra2 gxh4 28. Bxh4 Nd6 29. a5 bxa5 30. Rxa5 Nb5 31. Rxa6 {½-½ Anton Guijarro,D (2668)-Laurusas,T (2566) 24th European Teams 2023 (1.7)}) 17. Nd2 Rxe2 18. Qxe2 a5 19. Nb3 b6 20. Na1 Ne7 21. Nc2 Re8 22. h5 Kf7 23. g4 g5 24. Bg3 f5 25. Qd3 Kg8 26. gxf5 Rf8 27. Ne3 Nxf5 28. Nxf5 Rxf5 29. Qe2 Kf8 30. Qg4 Rf7 31. Re6 Qb5 32. Re3 Qd7 33. Re6 Qb5 34. b3 a4 35. Re3 axb3 36. axb3 Qd7 37. Re6 Qb5 38. Re5 Qd7 39. Qe2 Rf5 40. Re3 Rf7 41. Kg2 Be7 42. Qa6 Kg7 43. Qe2 Kf8 44. Re6 Rf6 45. Re5 Rf7 46. Qa6 Kg7 47. Qe2 Kf8 48. Qa6 Bf6 49. Qa8+ Kg7 50. Rxd5 Qg4 51. Qc6 Qxh5 52. Rd7 Qe2 53. Rxf7+ Kxf7 54. Qxc7+ Kg6 55. Qxb6 Qe4+ 56. Kh2 h5 57. Qa6 Qc2 58. Kg2 Qe4+ 59. Kh2 Qc2 60. Kg1 Qb1+ 61. Kh2 1/2-1/2

[Event "45th Olympiad 2024"]
[Site "Budapest HUN"]
[Date "2024.09.16"]
[Round "6.12"]
[Board "2"]
[White "Petrov, Nikita"]
[Black "Ivanchuk, Vasyl"]
[Result "1/2-1/2"]
[WhiteElo "2574"]
[BlackElo "2635"]
[PlyCount "97"]
[EventDate "2024.09.11"]
[WhiteTeam "Montenegro"]
[BlackTeam "Ukraine"]
[WhiteTeamCountry "MNE"]
[BlackTeamCountry "UKR"]

1. d4 Nf6 2. c4 e6 3. Nc3 Bb4 4. Qc2 O-O 5. e4 d6 6. e5 dxe5 7. dxe5 Ng4 8. Nf3 Nc6 9. Bf4 f6 ({RR} 9... Nd4 10. Qd2 c5 11. h3 Nxf3+ 12. gxf3 Qxd2+ 13. Kxd2 Rd8+ 14. Kc2 Rd4 15. hxg4 Rxf4 16. Rd1 Ba5 17. Rh3 h6 18. b3 Rd4 19. Rxd4 cxd4 20. Nb5 Bb6 21. Bd3 Bd7 22. Nd6 Bc6 23. Be4 Rd8 24. Kd3 {½-½ So,W (2760)-Praggnanandhaa,R (2678) Meltwater Tour Final 2022 (4.4)}) ({RR} 9... Nd4 10. Qd2 f6 11. O-O-O c5 12. exf6 Qxf6 13. Bg5 Qf7 14. h3 Nxf3 15. gxf3 Ne5 16. Be2 b5 17. Rhg1 Kh8 18. a3 Ba5 19. b4 cxb4 20. Nxb5 Ba6 21. Nd6 Qc7 22. Qd4 Ng6 23. a4 Bb6 24. Qb2 {0-1 Gade Sharanya (1849)-Wikar,M (2272) 40th World Junior Girls 2024 (1.5)}) 10. Bd3 Bxc3+ 11. bxc3 h6 12. exf6 $146 ({RR} 12. Rd1 Qe7 13. O-O Ngxe5 14. Nxe5 Nxe5 15. Bxe5 fxe5 16. Qe2 Qf6 17. Qe4 Qf5 18. Qe2 Qf6 19. Qe4 Qf5 20. Qe2 Qf6 {½-½ Ushenina,A (2439)-Ponomariov,R (2640) ESP-chT CECLUB Div1 2022 (5.1)}) 12... Qxf6 13. Bxc7 Nb4 14. Qd2 Nxd3+ 15. Qxd3 Qf5 16. Qxf5 Rxf5 17. Bd6 Nf6 18. O-O Ne4 19. Rfd1 b6 20. Be5 Ba6 21. Rd7 Rf7 22. Rxf7 Kxf7 23. Bd4 Rc8 24. a4 Bxc4 25. a5 bxa5 26. Rxa5 a6 27. Ne5+ Kg8 28. f3 Nd6 29. Nxc4 Nxc4 30. Rxa6 e5 31. Bf2 Rb8 32. Ra1 Rb2 33. Re1 Rc2 34. Bg3 Rxc3 35. Bxe5 Nxe5 36. Rxe5 Kf7 37. h4 Rc2 38. Kh2 Ra2 39. Kh3 Rf2 40. Re3 h5 41. Re5 g6 42. Rg5 Kf6 43. Kg3 Ra2 44. f4 Ra3+ 45. Kh2 Ra4 46. g3 Ra2+ 47. Kg1 Ra1+ 48. Kg2 Ra2+ 49. Kh3 1/2-1/2